000
00270nam a2200097Ia 4500
001
990485
005
20250826221312.0
008
250824s9999 xx 000 0 und d
245
0
_a
KRAL ŞAKİR/MACERA DEVAM EDİYOR/T1
_c
HALUK CAN DİZDAROĞLU
260
_b
İKİ A YAYINCILIK
999
_c
990485
_d
990485